| 000 | 00629nam a2200205 i 4500 | ||
|---|---|---|---|
| 001 | bgj | ||
| 245 | 0 | 0 |
_aEntwicklungstendenzen in der deutschen Gegenwartssprache / _cHerausgegeben von Karl-Ernst Sommerfeldt. |
| 260 |
_aLeipzig : _bBibliographisches Institut, _c1986. |
||
| 300 |
_a267 S. ; _c22 cm. |
||
| 504 | _aBibliographie S. 245-265. | ||
| 505 | _aRegister. | ||
| 650 | 9 |
_aDeutsch _xSprachwandel _yGeschichte 1950-1987 |
|
| 700 | 1 |
_aSommerfeldt, Karl-Ernst. _eHrsg. |
|
| 020 | _a3323001699 | ||
| 040 | _cBPK | ||
| 041 | 0 | _ager | |
| 920 | _a3-323-00169-9 | ||
| 942 | _cKS | ||
| 008 | s gw f |000 0 ger | ||
| 999 |
_c49547 _d49547 |
||
| 856 |
_uhttp://koha.tu.koszalin.pl/cgi-bin/koha/opac-detail.pl?biblionumber=49547 _yKatalog online BPK |
||